Retrato hablado de Arthur Rimbaud
Saved in:
| Hovedforfatter: | |
|---|---|
| Format: | Bog |
| Sprog: | spansk |
| Udgivet: |
Cuernavaca
Siglo Veintiuno Editores
1991
|
| Udgivelse: | 1a. ed |
| Fag: | |
| Tags: |
Tilføj Tag
Ingen Tags, Vær først til at tagge denne postø!
|
MARC
| LEADER | 00000cam a2200000 a 4500 | ||
|---|---|---|---|
| 001 | UCE2143 | ||
| 003 | CL-VaPUC | ||
| 008 | 140612e19910000mx |||||||||||||||||spa|d | ||
| 020 | |a 9682317746 | ||
| 082 | 0 | 4 | |a 844 |b BUT |2 21 |
| 100 | 0 | |a Butor, Michel |e author |9 574608 | |
| 245 | 1 | 0 | |a Retrato hablado de Arthur Rimbaud |
| 250 | |a 1a. ed | ||
| 300 | |a 169 p | ||
| 942 | |c BK | ||
| 945 | |d 20140612 14:08:00 |a dcastane | ||
| 260 | |a Cuernavaca |b Siglo Veintiuno Editores |c 1991 | ||
| 650 | 0 | |a Ensayos franceses |9 265511 | |
| 650 | 0 | |a Poesía francesa |9 264947 | |
| 650 | 0 | |a Crítica e interpretación |9 255042 | |
| 583 | |a last modification |c 20140612 14:08:00 |k Rodrigo Vera | ||
| 999 | |c 355806 |d 355804 | ||
| 952 | |0 0 |1 0 |3 erb |4 0 |6 844_000000000000000_BUT_1991 |7 0 |8 A |9 462667 |a BIBART |b BIBART |i 5082455 |o 844 BUT 1991 |p 5082455 |r 2025-03-13 |w 2019-11-23 |y BK |z Catalogado en:20140612 |k ART | ||